000
00333nam a2200133Ia 4500
008
231017s9999 xx 000 0 und d
082
_a
388.11094
082
_b
STA
245
0
_a
Remaining Life of Road Infrastructure Assets: An Overview (AP-R235)
245
0
_c
Austroads
260
_b
Austroads
300
_c
30cm
942
_c
REP
999
_c
604308
_d
604308